[Event "Olympiad-40"]
[Site "Istanbul"]
[Date "2012.08.30"]
[Round "3.1"]
[White "Model game 5: Vachier Lagrave, Maxime"]
[Black "Topalov, Veselin"]
[Result "1-0"]
[WhiteElo "2686"]
[BlackElo "2752"]
[Annotator "Krasenkow,M/Kuljasevic,D"]
[PlyCount "135"]
[EventDate "2012.08.28"]
[EventType "team-swiss"]
[EventRounds "11"]
[EventCountry "TUR"]
[SourceTitle "CBM 151"]
[Source "ChessBase"]
[SourceDate "2012.11.13"]
[SourceVersion "1"]
[SourceVersionDate "2012.11.13"]
[SourceQuality "1"]
[WhiteTeam "France"]
[BlackTeam "Bulgaria"]
[WhiteTeamCountry "FRA"]
[BlackTeamCountry "BUL"]

1. d4 Nf6 2. c4 g6 3. g3 Bg7 4. Bg2 O-O 5. Nf3 d6 6. O-O Nbd7 7. Nc3 e5 8. e4
exd4 9. Nxd4 Re8 10. h3 Nc5 11. Re1 Bd7 12. Rb1 ({White could also play} 12. f3
$5 {[%csl Ge4][%cal Gc1e3] here, preparing 13.Be3. I believe that Black's best
response is} c6 {[%csl Rg1,Rg3][%cal Gd6d5] Otherwise, he risks ending up in a
passive position with little to no counterplay.} ({A good example is} 12... Nh5
{[%csl Rg3]} 13. g4 Nf6 14. Be3 h5 15. g5 Nh7 16. f4 $16 {[%csl Ye4,Yf4,Yg5,
Rh7] 0-1 (78) Salem,A (2638) -Demchenko,A (2660) Riadh 2017}) ({or} 12... h5
13. Be3 h4 14. g4 Nh7 15. f4 g5 16. fxg5 Nxg5 17. Qc2 $16 {[%cal Gd4f5]}) 13.
Be3 d5 14. cxd5 cxd5 {The situation in the center is tense. White can keep
some edge with} 15. b4 (15. exd5 Na4 $1 {[%csl Rd5]} 16. Nxa4 Nxd5 17. Bf2
Rxe1+ 18. Qxe1 Bxa4 19. b3 Be8 $1 20. Rd1 Qc7 21. Nf5 gxf5 22. Rxd5 f4 $11)
15... Na6 16. Qb3 dxe4 17. fxe4 {[%csl Ra6,Yd4,Re4,Rf7][%cal Ge1f1] when his
pieces are more active and better coordinated. On the other hand, Black can
hope to create some counterplay against the isolated e4-pawn.} Qc7 (17... Nh5
18. Rf1 Be6 19. Nxe6 fxe6 20. Rad1 Qc7 21. Ne2 Nxg3 22. Nxg3 Qxg3 23. Rd3 $36)
18. Bf2 Rac8 19. Rac1 Nh5 20. Nce2 Qd6 $13) 12... h6 13. f3 {[%cal Gc1e3] [#]
In my view, this is the best approach for White in this tabiya since g1-a7 is
the best diagonal for the dark-squared bishop. With this move, we prepare
Be3-f2, and then, eventual f3-f4. Black needs to come up with some active play
quickly.} (13. Kh2 {is the most common prophylactical move.}) 13... Ne6 (13...
c6 $5 {[%cal Gd6d5]} 14. Be3 Qc7 ({I believe that Black should waste no time
in the center and try} 14... d5 $1 15. cxd5 cxd5 16. b4 Na6 17. Qb3 Qc7 18. Bf2
dxe4 19. fxe4 Rad8 20. Rbd1 Qb8 $13) 15. b4 (15. Qd2 $5) 15... Ne6 16. Nde2 {
[%csl Rd7,Re6]} a5 17. b5 $1 $14 {[%csl Ra8] White had everything under
control here and soon obtained a superior endgame.} cxb5 18. Nxb5 Bxb5 19. cxb5
d5 20. exd5 Qe5 21. Bf2 Qxd5 22. Qxd5 Nxd5 23. f4 $16 {[%csl Gf2,Gg2] 1/2
Yurtaev,L (2530)-Akopian,V (2630)/ Tilburg 1994/CBM 044 (79)}) (13... Nh5 $5 {
[%csl Rd4,Rg3] is a sharp variation, which looks a bit risky for Black.} 14. g4
Ng3 15. Be3 h5 16. Qd2 {1-0 Osbahr,T (2000) -Bergner,H  (2000)/ICCF Email 2003/
CBM 110 (42)} hxg4 17. hxg4 Qh4 $13 {[%csl Yg3]}) 14. Nde2 $1 {[%csl Rd7,Re6]
In principle, we should avoid piece exchanges since Black has less space and
thus less good squares for his pieces.} a6 {[%cal Gb7b5]} 15. Be3 b5 16. b3 $14
{White simply keeps his pawn structure solid and does not allow his opponent
to generate any additional activity.} h5 17. Qd2 (17. f4 $5 {[%csl Ge3,Gg2]})
17... Qc8 (17... h4 18. g4 b4 19. Nd5 Nxd5 20. cxd5 Nc5 21. Rec1 $14) 18. Nd5 {
[#] White is fully in control. It is clear that Black should look for
improvements earlier in the middlegame.} Rb8 19. Red1 c5 {This move looks
strange as White safely controls the d4-square. Probably GM Veselin Topalov
didn't see other good options.} (19... bxc4 20. bxc4 Nxd5 21. cxd5 Nc5 22. h4
Rb6 23. Rdc1 $14) 20. g4 $6 (20. Ndf4 $5) 20... hxg4 21. hxg4 Bc6 (21... bxc4
22. Nxf6+ $1 (22. bxc4 Nxd5 23. cxd5 (23. Qxd5 Rxb1 24. Rxb1 Nd4 $1) 23... Nc7
$13) 22... Bxf6 23. bxc4 Ba4 24. Rdc1 $14) 22. Ndc3 (22. Nxf6+ Bxf6 23. Qxd6 $6
Rd8 24. Qg3 bxc4 25. bxc4 Rxd1+ 26. Rxd1 Rb2) (22. Kf2 $5) 22... Rd8 23. Nd5
Rb7 24. Bh3 Re8 25. g5 Nd7 26. Bxe6 $6 {A strange exchange. The bishop pair
will be an important factor in Black's favour.} (26. Kf2 $142 Qd8 27. f4 {
although Black's position remains solid.}) 26... Rxe6 27. Nef4 Re5 (27... Ne5
$5 28. Kf2 Re8 $36) 28. Kf2 (28. Nf6+ $5 Nxf6 29. gxf6 Bxf6 30. Qxd6 $13) 28...
Qd8 29. cxb5 axb5 30. Rh1 Ra7 31. Rh2 Qa5 32. Qxa5 Rxa5 33. Kf1 b4 {The
endgame is good for Black.} 34. Rg2 Re8 35. Rd1 Ne5 $6 (35... Be5 $15 {/=}) 36.
Rf2 Kf8 $2 (36... Nd7 $142 {[%cal Yg7e5]}) 37. Nf6 $1 {Black underestimated
this move. He is now in trouble.} Rd8 38. Kg2 Ke7 (38... Bxf6 39. gxf6 {
[%csl Gf6]}) 39. N4d5+ Bxd5 40. Nxd5+ Kf8 41. Kg3 $16 {[%csl Gd5]} Nc6 42. Rh2
Ne7 43. Nb6 (43. f4 $142 $14) 43... Rb5 44. Nc4 d5 45. Kg4 Bc3 (45... Ke8 $142
46. exd5 Nxd5 47. Bf2 f5+ 48. Kg3 f4+ 49. Kg4 Kf7 $14) 46. Bf4 $1 Rb7 (46...
Bd4 $142 47. Bd6 $1 dxc4 (47... Rxd6 48. Nxd6 Rb6 49. Rxd4 cxd4 50. e5 $16) 48.
Rxd4 $1 cxd4 49. Rh8+ Kg7 50. Rxd8 Nc6 51. bxc4 Rxg5+ 52. Kxg5 Nxd8 53. Kf4 $16
) 47. Ne5 {[%cal Rh2h7]} Bxe5 48. Bxe5 Ke8 49. Rh8+ (49. Rh7 $142 d4 50. Rh8+
Kd7 51. Bxd4 $1 Rxh8 52. Bxh8+ Kc6 53. Be5) (49. Kf4 $5) 49... Kd7 50. Rxd8+
Kxd8 51. Bd6 Rb5 52. Bxe7+ (52. Rc1 $142 $1 {winning a pawn without trading
minor pieces;} c4 53. bxc4 dxc4 54. Rxc4 b3 55. axb3 Rxb3 56. Rc7 Nc8 57. Be5
Rb5 58. Kf4 {is hardly a good option for Black.}) 52... Kxe7 53. Rxd5 Ra5 54.
Rd2 Ke6 55. f4 Ra8 $2 (55... Ra7 $142 56. Rc2 (56. f5+ Ke5) 56... Rc7 {, and
it is still difficult for White to convert his extra pawn. He must probably
bring his king to b2, play a2-a3 etc. but that considerably simplifies the
game.}) 56. f5+ Ke5 57. Rd7 $18 Kxe4 58. Rxf7 gxf5+ 59. Rxf5 Rxa2 60. Rxc5 Rg2+
61. Kh5 Rg3 62. g6 Kf4 63. Kh6 Rxb3 64. g7 Rg3 65. Rb5 b3 66. Kh7 Rh3+ 67. Kg6
Rg3+ 68. Kf7 1-0